| 000 | 00921nam a2200313Ia 4500 | ||
|---|---|---|---|
| 001 | Z_6154 | ||
| 003 | CHAP | ||
| 008 | 220113s1997 xx 000 0 und d | ||
| 010 | _a169385 | ||
| 020 | _a968-884-461-6 | ||
| 040 | _cCHAP | ||
| 082 | _a860 L43 | ||
| 100 |
_aLeal Menchaca, Miguel Angel _965307 |
||
| 245 |
_aMujeres abordando taxi / _cMiguel Anguel Leal Manchaca |
||
| 260 |
_aMéxico : _bUniversidad Autónoma Chapingo :, _bDirección de Difusión Cultural, _c1997 |
||
| 300 | _a109 p. | ||
| 440 |
_aLiteratura _967114 |
||
| 500 | _aIlustración: Las señoritas de Avignon de Pablo Ruiz Piccasso. | ||
| 503 | _aej.1: ? | ||
| 650 |
_aCuentos mexicanos. _930097 |
||
| 650 |
_aLiteratura mexicana _967138 |
||
| 710 |
_aUniversidad Autónoma Chapingo: Dirección de Difusión Cultural _9144000 |
||
| 901 | _a860 L43 | ||
| 902 | _aA | ||
| 910 | _a1997 | ||
| 942 | _c1 | ||
| 942 | _cc1 | ||
| 999 |
_c169385 _d169385 |
||